| 000 | 00808nam a22001577a 4500 | ||
|---|---|---|---|
| 003 | OSt | ||
| 005 | 20151008154139.0 | ||
| 008 | 151008b xxu||||| |||| 00| 0 eng d | ||
| 040 | _cRUA | ||
| 082 | _aAVM CHO 2008 B084 Or.1 | ||
| 100 |
_92378 _aCHOUB SOPHEA |
||
| 245 | _aThe study on piglet diarrhea in breastfeed stage at tang hangly farm at dey ith commune keansvay district, kamdal province, (ការសិក្សាលើជំងឺរាកកូនជ្រូកក្នងដំណាក់កាលបុះបៅដោះ នៅកសិកដ្ឋាន តំាងហំាងលី នៅឃុំដីឥដ្ឋ ស្រុកគៀនស្វាយ ខេត្តកណ្ដាល) | ||
| 260 |
_aphnom penh _brua _c2008 |
||
| 300 |
_aviii, 40p. _bill. _c29cm. |
||
| 942 |
_2ddc _cAVM |
||
| 999 |
_c2240 _d2240 |
||